We shall meet again / (Record no. 139988)
[ view plain ]
| 000 -LEADER | |
|---|---|
| fixed length control field | 00501nam a22001817a 4500 |
| 005 - DATE AND TIME OF LATEST TRANSACTION | |
| control field | 20170517110050.0 |
| 010 ## - LCCN (DPL NO) | |
| LC control number | ENG-118187 |
| 020 ## - INTERNATIONAL STANDARD BOOK NUMBER | |
| International Standard Book Number | 9789386120755 |
| Terms of availability | 110.00 |
| 035 ## - SYSTEM CONTROL NUMBER | |
| System control number | EN-101719 |
| 037 ## - SOURCE OF ACQUISITION | |
| Source of stock number/acquisition | DBAD/PUB |
| 082 ## - DEWEY DECIMAL CLASSIFICATION NUMBER | |
| Classification number | N |
| 100 ## - MAIN ENTRY--PERSONAL NAME | |
| Personal name | Rajesh, Jisha |
| 245 ## - TITLE STATEMENT | |
| Title | We shall meet again / |
| Statement of responsibility, etc | by Jisha Rajesh |
| 260 ## - PUBLICATION, DISTRIBUTION, ETC. (IMPRINT) | |
| Place of publication, distribution, etc | Thrissur |
| Name of publisher, distributor, etc | G-Motivation An Imprint Of Green Books |
| Date of publication, distribution, etc | 2016 |
| 270 ## - ADDRESS | |
| Address | Little Road, Ayyanthole, Thrissur-680003 |
| 300 ## - PHYSICAL DESCRIPTION | |
| Extent | 104p |
| Dimensions | 22cm.(pbk) |
| 942 ## - ADDED ENTRY ELEMENTS (KOHA) | |
| Source of classification or shelving scheme | Dewey Decimal Classification |
| Item type | English Books |
| Classification part | N |
| Call number suffix | RAJ |
| Withdrawn status | Lost status | Not for loan | Collection code | Home library | Current library | Date acquired | Source of acquisition | Cost, normal purchase price | Full call number | Barcode | Copy number | Cost, replacement price | Koha item type |
|---|---|---|---|---|---|---|---|---|---|---|---|---|---|
| Not For Loan | Fiction | D.B.Act.Division | Bawana | 17/05/2017 | DBAD/PUB | 110.00 | N RAJ | EN-101719 | 1 | 110.00 | English Books |
